Southville International School and Colleges
Your cart is empty.
  • Cart
  • Lists
    Public lists Eva Luna New books Lux_list list_1
    Your lists Log in to create your own lists
  • Log in to your account
  • Your cookies
  • Search history
Southville International School and Colleges
  • Advanced search
  • Recent comments
  • Most popular
  • Libraries

Log in to your account

Log in with GOOGLE


If you do not have an external account, but do have a local account, you can still log in:

  1. Home
  2. MARC view: The birth of Jesus :
Normal view MARC view ISBD view

The birth of Jesus : (Record no. 105234)

[ view plain ]
MARC details
000 -LEADER
fixed length control field 00532nam a2200169 a 4500
005 - DATE AND TIME OF LATEST TRANSACTION
control field 20140412111348.0
008 - FIXED-LENGTH DATA ELEMENTS--GENERAL INFORMATION
fixed length control field 050421s19uu xx 00 eng d
020 ## - INTERNATIONAL STANDARD BOOK NUMBER
International Standard Book Number 0-8499-4031-1
050 ## - LIBRARY OF CONGRESS CALL NUMBER
Classification number M 226.09
Item number H27 1994
100 ## - MAIN ENTRY--PERSONAL NAME
Personal name Hastings, Selina
245 ## - TITLE STATEMENT
Title The birth of Jesus :
Remainder of title and other Bible stories /
Statement of responsibility, etc retold by Selina Hastings.
260 ## - PUBLICATION, DISTRIBUTION, ETC. (IMPRINT)
Place of publication, distribution, etc Nashville :
Name of publisher, distributor, etc Tommy Nelson, Inc,
Date of publication, distribution, etc 1994.
300 ## - PHYSICAL DESCRIPTION
Extent 64 p. ; ill.
650 ## - SUBJECT ADDED ENTRY--TOPICAL TERM
Topical term or geographic name as entry element Jesus Christ
General subdivision Nativity
-- Juvenile literature
650 ## - SUBJECT ADDED ENTRY--TOPICAL TERM
Topical term or geographic name as entry element Bible stories, N. T.
Holdings
Withdrawn status Lost status Damaged status Home library Current library Shelving location Date acquired Source of acquisition Cost, normal purchase price Total Checkouts Full call number Barcode Date last seen Price effective from Koha item type
      Elizalde Library Elizalde Library Main Section 04/21/2005   95.00   M 226.09 H27 1994 E9688 04/12/2014 04/12/2014 Books

The birth of Jesus :

APA

Hastings S., . (1994). The birth of Jesus. Nashville: Tommy Nelson, Inc.

Chicago

Hastings Selina, . 1994. The birth of Jesus. Nashville: Tommy Nelson, Inc.

Harvard

Hastings S., . (1994). The birth of Jesus. Nashville: Tommy Nelson, Inc.

MLA

Hastings Selina, . The birth of Jesus. Nashville: Tommy Nelson, Inc. 1994.

  • Place hold
  • Print
  • Cite
  • Add to your cart (remove)
  • Save record
    BIBTEX Dublin Core MARCXML MARC (non-Unicode/MARC-8) MARC (Unicode/UTF-8) MARC (Unicode/UTF-8, Standard) MODS (XML) RIS
  • More searches
    Search for this title in:
    Other Libraries (WorldCat) Other Databases (Google Scholar) Online Stores (Bookfinder.com) Open Library (openlibrary.org)

Exporting to Dublin Core...

SOUTHVILLE LIBRARY

Southville International School and Colleges Library

1281 Tropical Ave. Cor. Luxembourg St., BF Homes International, Las Pinas City

Tel. No. 8256374 / 252358 Loc. 117/146

Powered by Koha